Lo sviluppo e liberta : perche non c'e crescita senza democrazia

Αποθηκεύτηκε σε:
Λεπτομέρειες βιβλιογραφικής εγγραφής
Κύριος συγγραφέας: Sen, Amartya, 1933-
Άλλοι συγγραφείς: Rigamonti, Gianni (Μεταφραστής)
Μορφή: Βιβλίο
Γλώσσα:Italian
English
Δημοσίευση: Milano : Oscar Mondadori, 2000, c1999.
Σειρά:Oscar saggi ; 697
Θέματα:
Ετικέτες: Προσθήκη ετικέτας
Δεν υπάρχουν, Καταχωρήστε ετικέτα πρώτοι!

MARC

LEADER 00000cam a2200000 i 4500
001 1/56398
008 070928s2000 it | ||| |||| ||ita||
020 |a 9788804491309 (pbk.) 
035 |l 10091128 
040 |a GR-MyUA  |b gre  |e AACR2 
041 1 |a ita  |h eng 
082 0 |a 306.091724  |2 (22) 
100 1 |a Sen, Amartya,   |d 1933- 
245 1 0 |a Lo sviluppo e liberta :   |b perche non c'e crescita senza democrazia /   |c Amartya Sen ; traduzione di Gianni Rigamonti.  
260 |a Milano :   |b Oscar Mondadori,   |c 2000, c1999.  
300 |a 355 σ. ;   |c 20 εκ.  
490 1 |a (Oscar saggi   |v ; 697)  
500 |a Μετάφραση από την αγγλική 
500 |a Τίτλος πρωτοτύπου: Development as freedom.  
500 |a Ανατύπωση, 2001 
504 |a Περιέχει ευρετήριο.  
650 0 0 |a Economic development  |x Social aspects. 
650 0 0 |a Liberty. 
700 1 |a Rigamonti, Gianni,  |e trl 
830 0 |a Oscar saggi ;  |v  697 
852 |a INST  |b LESVOS  |e 20070928  |h 306.091724 SEN  |p 005100039025  |q 005100039025  |t BK  |y 0 
901 |a BIBL1-2007-3 
909 |a Λ  |b 139175 
922 |a 1ΕΛΗ  |b 200709  |c ΕΠΕΑΕΚ2/ΤΚ  |d ΕΛΕΥΘΕΡΟΥΔΑΚΗΣ 
970 |a ΒΑΡΚΑ  |b ΕΛΕΥΘΕΡΙΑ  |z 2007/09/28